Still More Words of Wall Street. (Record no. 2528)

MARC details
000 -LEADER
fixed length control field 00372nam a22001217a 4500
005 - DATE AND TIME OF LATEST TRANSACTION
control field 20200916153718.0
008 - FIXED-LENGTH DATA ELEMENTS--GENERAL INFORMATION
fixed length control field 200916b ||||| |||| 00| 0 eng d
020 ## - INTERNATIONAL STANDARD BOOK NUMBER
International Standard Book Number 1556233299
040 ## - CATALOGING SOURCE
Transcribing agency CML
245 ## - TITLE STATEMENT
Title Still More Words of Wall Street.
Statement of responsibility, etc. Pessin, A.H. & Ross, J.A.
260 ## - PUBLICATION, DISTRIBUTION, ETC.
Place of publication, distribution, etc. Homewood
Name of publisher, distributor, etc. Business one Irwin.
Date of publication, distribution, etc. 1990
942 ## - ADDED ENTRY ELEMENTS (KOHA)
Source of classification or shelving scheme Dewey Decimal Classification
Koha item type Books
Classification part 332.603
Call number prefix R
Call number suffix PES
Holdings
Withdrawn status Lost status Source of classification or shelving scheme Damaged status Not for loan Collection code Home library Current library Shelving location Date acquired Total Checkouts Full call number Barcode Date last seen Price effective from Koha item type
    Dewey Decimal Classification     Social Sciences Chalimbana Main Library Chalimbana Main Library Social Sciences 09/16/2020   R332.603PES 9781556233296 09/16/2020 09/16/2020 Books

Powered by Koha